Eco Structures : (Record no. 13653)
[ view plain ]
| 000 -LEADER | |
|---|---|
| fixed length control field | 00768nam a22001697a 4500 |
| 008 - FIXED-LENGTH DATA ELEMENTS--GENERAL INFORMATION | |
| fixed length control field | 100314s2009 it|||||dd||| 001 0 ng d |
| 020 ## - INTERNATIONAL STANDARD BOOK NUMBER | |
| International Standard Book Number | 9788854404977 |
| 082 ## - DEWEY DECIMAL CLASSIFICATION NUMBER | |
| Edition number | 22 |
| Classification number | 720.47 |
| Item number | ECO |
| 245 ## - TITLE STATEMENT | |
| Title | Eco Structures : |
| Remainder of title | Forms of Sustainable Architecture/ |
| Statement of responsibility, etc | Gianpaola Spirito... [et al .] |
| 260 ## - PUBLICATION, DISTRIBUTION, ETC. (IMPRINT) | |
| Place of publication, distribution, etc | Vercelli : |
| Name of publisher, distributor, etc | White Star, 2009. |
| Date of publication, distribution, etc | 2009 |
| 300 ## - PHYSICAL DESCRIPTION | |
| Extent | 303 p. : |
| Other physical details | Col. ill.; |
| Dimensions | 38 cm. |
| 504 ## - BIBLIOGRAPHY, ETC. NOTE | |
| Bibliography, etc | Includes bibliographical references(p.300) and index |
| 650 ## - SUBJECT ADDED ENTRY--TOPICAL TERM | |
| 9 (RLIN) | 12568 |
| Topical term or geographic name as entry element | Sustainable architecture |
| 650 ## - SUBJECT ADDED ENTRY--TOPICAL TERM | |
| 9 (RLIN) | 12569 |
| Topical term or geographic name as entry element | Sustainable buildings |
| Form subdivision | Pictorial works. |
| 942 ## - ADDED ENTRY ELEMENTS (KOHA) | |
| Source of classification or shelving scheme | Dewey Decimal Classification |
| Item type | Book - Borrowing |
| Withdrawn status | Item status | Source of classification or shelving scheme | Damaged status | Not for loan | Vendor | Home library | Current library | Shelving location | Date acquired | Source of acquisition | Cost, normal purchase price | Serial Enumeration / chronology | Total Checkouts | Total Renewals | Full call number | Barcode | Date last seen | Date last borrowed | Koha item type |
|---|---|---|---|---|---|---|---|---|---|---|---|---|---|---|---|---|---|---|---|
| Dewey Decimal Classification | Alahram | Central Library | Central Library | Second Floor | 14/03/2010 | 324.00 | 33 | 5 | 19 | 720.47 ECO | 000020181 | 15/07/2025 | 14/09/2021 | Book - Borrowing |